000 00778nam a22002531 4500
001 6268
003 BD-RjUL
005 20211208234221.0
008 140109s1961 nyua b 001 0 eng
035 _a(BD-RjUL)6308
040 _aDLC/ICU
_cICU
_dBD-RjUL
_beng
041 _aeng
082 0 0 _a517.383
_bGRI 1961
100 1 _aGreenspan, Donald.
_919712
245 1 0 _aIntroduction to partial differential equations /
_cDonald Greenspan
260 _aNew York :
_bMcGraw-Hill,
_cc1961.
300 _aviii, 195 p. :
_billus. ;
_c23 cm.
504 _aIncludes bibliography and index.
650 0 _aDifferential equations, Partial.
_919714
942 _2ddc
_cBK
999 _c6268
_d6268